LIBRARY ONLINE CATALOGUE

Understanding Nutrition (Record no. 19222)

MARC details
000 -LEADER
fixed length control field 00845nam a22001817a 4500
008 - FIXED-LENGTH DATA ELEMENTS--GENERAL INFORMATION
fixed length control field 170824b xxu||||| |||| 00| 0 eng d
020 ## - INTERNATIONAL STANDARD BOOK NUMBER
International Standard Book Number 1133606784
040 ## - CATALOGING SOURCE
Original cataloging agency KABU
Transcribing agency KABU
050 ## - LIBRARY OF CONGRESS CALL NUMBER
Classification number QP141
Item number .W45 2016 c.1
100 ## - MAIN ENTRY--PERSONAL NAME
Personal name Whitney, Ellie
245 ## - TITLE STATEMENT
Title Understanding Nutrition
Statement of responsibility, etc. Ellie Whitney
250 ## - EDITION STATEMENT
Edition statement 14th ed.
260 ## - PUBLICATION, DISTRIBUTION, ETC. (IMPRINT)
Name of publisher, distributor, etc. cengage learning
Place of publication, distribution, etc. Australia
Date of publication, distribution, etc. 2016
300 ## - PHYSICAL DESCRIPTION
Extent 1 Vol.(Various paging)
650 ## - SUBJECT ADDED ENTRY--TOPICAL TERM
Topical term or geographic name as entry element Nutrition
700 ## - ADDED ENTRY--PERSONAL NAME
Personal name Rolfes, Sharon Rady
942 ## - ADDED ENTRY ELEMENTS (KOHA)
Source of classification or shelving scheme Library of Congress Classification
Koha item type General Collection
Edition 14th ed.
Classification part QP141 .W45 2016 c.1
Holdings
Withdrawn status Lost status Source of classification or shelving scheme Not for loan Home library Current library Date acquired Full call number Barcode Date last seen Price effective from Koha item type
    Library of Congress Classification   Kabarak, Main Campus Kabarak, Main Campus 21/02/2022 QP141 .W45 2016 c.1 031567 21/02/2022 21/02/2022 General Collection